El nuevo portugués sin esfuerzo (Registro nro. 9097)
[ vista simple ]
| 000 -Cabecera | |
|---|---|
| Campo de control de longitud fija | 00789nam a22003137a 4500 |
| 005 - Fecha y hora de la última transacción | |
| Campo de control | 20251024184500.0 |
| 008 - Elementos de longitud fija--Información general | |
| Campo de control de longitud fija | 170321s2008 xxu||||| |||| 00| 0 por d |
| 020 ## - International Standard Book Number | |
| Número Internacional Estándar del Libro (ISBN) | 9788493088729 |
| 041 ## - Idioma | |
| Código de idioma | Portugués |
| 041 ## - Idioma | |
| Código de idioma | Español |
| 082 ## - Clasificación Decimal Dewey | |
| Número de clasificación | 469.824 F866n |
| 100 ## - Entrada principal--Autor personal | |
| Nombre personal | Freire-Nunes, Irène |
| 9 (RLIN) | 41416 |
| 100 ## - Entrada principal--Autor personal | |
| Nombre personal | De Luna, José-Luis |
| 9 (RLIN) | 41417 |
| 245 ## - Título propiamente dicho | |
| Título | El nuevo portugués sin esfuerzo |
| 260 ## - Pie de imprenta | |
| Lugar de publicación, distribución, etc. | España |
| 260 ## - Pie de imprenta | |
| Nombre del editor, distribuidor, etc. | Ediciones Assimil |
| 260 ## - Pie de imprenta | |
| Fecha de publicación, distribución, etc. | 2008 |
| 300 ## - Descripción física | |
| Extensión | 487 páginas |
| 490 ## - Serie | |
| Título de la Serie | Temática General |
| 505 ## - Nota de contenido | |
| Nota de contenido | Contiene disco compacto N° 768. |
| 650 ## - Materia general | |
| Temática (materia general) | PORTUGUÉS |
| 650 ## - Materia general | |
| Temática (materia general) | ENSEÑANZA |
| 650 ## - Materia general | |
| Temática (materia general) | CONJUNCIONES |
| 650 ## - Materia general | |
| Temática (materia general) | CONJUGACIONES |
| 650 ## - Materia general | |
| Temática (materia general) | FORMA PROGRESIVA |
| 650 ## - Materia general | |
| Temática (materia general) | FUTURO PERFECTO |
| 942 ## - Punto de acceso adicional KOHA | |
| Tipo de ítem KOHA | Libro |
| Fuente del sistema de clasificación o colocación | Dewey Decimal Classification |
| Signatura completa | Código de barras | Programa Académico | Tipo de ítem |
|---|---|---|---|
| 469.824 F866n | 21776 | Enseñanza de Idiomas | Libro |
| 469.824 F866n | 768ADC | Enseñanza de Idiomas | Disco Compacto |
| 469.824 F866n | 768BDC | Enseñanza de Idiomas | Disco Compacto |
| 469.824 F866n | 768CDC | Enseñanza de Idiomas | Disco Compacto |
| 469.824 F866n | 768DCD | Enseñanza de Idiomas | Libro |